| 000 | 00610nam a22001937a 4500 | ||
|---|---|---|---|
| 005 | 20251108165212.0 | ||
| 008 | 250721s1994 xx 000 0 ara d | ||
| 082 | 1 | 4 | _a956/مصط |
| 100 | 1 | _aرمضان، مصطفى | |
| 245 | 1 | 0 | _aالمسلمون في آسيا الوسطى و إيران / |
| 264 | 1 |
_aالقاهرة : _c1994. |
|
| 300 | _a313ص | ||
| 490 | 0 | _aالعالم الإسلامي في التاريخ الحديث و المعاصر | |
| 650 | 1 | 7 | _aتاريخ العرب |
| 650 | 1 | 7 | _aالبلدان الإسلامية إيران |
| 650 | 1 | 7 | _aآسيا |
| 942 |
_2ddc _cBK |
||
| 999 |
_c21998 _d21998 |
||